| 000 | 004650000a22001930004500 | ||
|---|---|---|---|
| 001 | 003980 | ||
| 003 | MACL | ||
| 005 | 20150822123305.0 | ||
| 008 | 150822b xxu||||| |||| 00| 0 eng d | ||
| 040 |
_aMACL _cMACL |
||
| 041 | _aEnglish | ||
| 082 | _a630/GOW | ||
| 100 |
_aGowda, N.K. _96755 |
||
| 245 |
_aAgriculture Development _cN.K. Gowda |
||
| 260 |
_aNew Delhi _c2001 _bUtility Books, |
||
| 350 | _a200 | ||
| 650 |
_aAgriculture _96756 |
||
| 942 |
_k630 _cBK _2ddc |
||
| 999 |
_c15873 _d15873 |
||